Kitāb al-muḥabbar, (Record no. 50807)

MARC details
000 -LEADER
fixed length control field 01038cam a22002651 4500
001 - CONTROL NUMBER
control field ne 68003627
003 - CONTROL NUMBER IDENTIFIER
control field DLC
005 - DATE AND TIME OF LATEST TRANSACTION
control field 20260227111847.0
008 - FIXED-LENGTH DATA ELEMENTS--GENERAL INFORMATION
fixed length control field 850225s1942 ii h b 000 0carax
010 ## - LIBRARY OF CONGRESS CONTROL NUMBER
LC control number ne 68003627
035 ## - SYSTEM CONTROL NUMBER
System control number (OCoLC)13884274
040 ## - CATALOGING SOURCE
Original cataloging agency DLC
Transcribing agency NN
Modifying agency DLC
042 ## - AUTHENTICATION CODE
Authentication code premarc
050 00 - LIBRARY OF CONGRESS CALL NUMBER
Classification number D198.3
Item number .M78 1942
100 0# - MAIN ENTRY--PERSONAL NAME
Personal name Muḥammad ibn Ḥabīb,
Dates associated with a name -860.
245 10 - TITLE STATEMENT
Title Kitāb al-muḥabbar,
Statement of responsibility, etc. li-Abī Jaʻfar Muḥammad ibn Ḥabīb ibn Umayyah ibn ʻAmr al-Hāshimī al-Baghdādī. Riwāyat Abī Saʻīd al-Ḥasan ibn al-Ḥusayn al-Sukkarī ʻanhu. Wa-qad iʻtanat bi-taṣḥīḥ hadhā al-kitāb Īlzah Līḥtin [sic] Shtaytar [sic]
260 ## - PUBLICATION, DISTRIBUTION, ETC.
Place of publication, distribution, etc. Ḥaydar Ābād al-Dakkan,
Name of publisher, distributor, etc. Maṭbaʻat Jamʻīyat Dāʼirat al-Maʻārif al-ʻUthmānīyah,
Date of publication, distribution, etc. 1942.
300 ## - PHYSICAL DESCRIPTION
Extent 6, 752 p.
Other physical details facsim.
Dimensions 26 cm.
500 ## - GENERAL NOTE
General note In Arabic
504 ## - BIBLIOGRAPHY, ETC. NOTE
Bibliography, etc. note Bibliographical footnotes.
651 #0 - SUBJECT ADDED ENTRY--GEOGRAPHIC NAME
Geographic name Islamic Empire
Form subdivision Biography.
650 #0 - SUBJECT ADDED ENTRY--TOPICAL TERM
Topical term or geographic name entry element Arabs
Form subdivision Biography.
700 1# - ADDED ENTRY--PERSONAL NAME
Personal name Lichtenstadter, Ilse,
Dates associated with a name 1907-
740 0# - ADDED ENTRY--UNCONTROLLED RELATED/ANALYTICAL TITLE
Uncontrolled related/analytical title Muḥabbar.

No items available.

Powered by Koha